[Event "RUS-chT 07th"]
[Site "Smolensk"]
[Date "2000.04.25"]
[Round "11"]
[White "Perun, Sergey"]
[Black "Sakaev, Konstantin"]
[Result "1/2-1/2"]
[WhiteElo "2401"]
[BlackElo "2629"]
[Annotator "Gershon,A"]
[PlyCount "76"]
[EventDate "2000.04.15"]
[EventType "team-tourn"]
[EventRounds "11"]
[EventCountry "RUS"]
[SourceTitle "CBM 077"]
[Source "ChessBase"]
[SourceDate "2000.07.27"]
[SourceVersion "1"]
[SourceVersionDate "2000.07.27"]
[SourceQuality "1"]
[WhiteTeam "Moscow M. Saulin PRSFI"]
[BlackTeam "Sankt Petersburg Chess Federation"]
[WhiteTeamCountry "RUS"]
[BlackTeamCountry "RUS"]

1. d4 Nf6 2. c4 e6 3. Nf3 b6 4. g3 Ba6 5. b3 b5 6. cxb5 Bxb5 7. Nc3 Bc6 {
[%mdl 4] The B retreat to c6 rather than a6 becomes more and more popular
lately.Black's idea is simple and logical, create as much pressure as possible
along the h1-a8 /^ thus making it difficult for white to develop an initiative}
8. Bg2 Bb4 (8... Qc8 9. O-O Qb7 10. Ne1 Bxg2 11. Nxg2 Be7 12. Bb2 O-O 13. Rc1
a5 14. Re1 a4 15. e4 Bb4 16. e5 Bxc3 17. Bxc3 Nd5 18. bxa4 Nc6 19. Ne3 Nxc3 20.
Rxc3 Qb2 21. Rc4 Qxa2 22. Qa1 Qd2 $11 {1/2-1/2 Gyimesi,Z-Bitoon,R/Elista 1998/
CBM 66 ext (44)}) 9. Bd2 a5 (9... Qc8 {is the main move here} 10. O-O Qb7 (
10... Bxc3 11. Bxc3 Qb7 12. Rc1 (12. Ne1 Bxg2 13. Nxg2 O-O 14. Rc1 a5 $11)
12... O-O 13. Re1 (13. Qc2 $142 {[%cal Gf1d1,Gc2b2] Avrukh}) 13... Rc8 (13...
Na6 $2 14. a3 Rab8 15. b4 $16 {[%csl Ra6]}) 14. Qc2 h6 (14... a5 $5 {[%cal
Rb7b4,Ga8a3,Ra5a4]}) 15. Qb2 Bd5 16. Nh4 Bxg2 17. Nxg2 d6 {[%cal Gb8d7,Rc7c5]}
18. f3 (18. Red1 Nbd7 19. f3 $14 {[%cal Ge2e4]}) 18... Nbd7 19. e4 c5 20. Ne3
cxd4 21. Bxd4 Rxc1 22. Rxc1 e5 $1 23. Bc3 d5 24. exd5 (24. Bxe5 $2 dxe4 $15)
24... Nxd5 25. Nxd5 Qxd5 26. Qe2 Rc8 27. Kg2 f6 28. Bd2 $1 $14 {[%cal Gd2e3] 1/
2-1/2 Oll,L-Karpov,A/Polanica Zdroj 1998/CBM 67/[Avrukh,B] (28)}) 11. a3 (11.
Ne1 Bxg2 12. Nxg2 Nc6 13. e3 O-O 14. Na4 e5 15. Bxb4 Qxb4 16. dxe5 Nxe5 $36 {
[%csl Rf3,Rh3] Johansson,T-Hillarp Persson,T/Rilton Cup 1992/0-1 (58)}) 11...
Bxc3 12. Bxc3 a5 (12... O-O 13. b4 d6 14. Qc2 Be4 15. Ne1 Nbd7 16. Bxe4 Qxe4
17. Qxe4 Nxe4 18. Rc1 Nb6 $11 {T: 1.20 - 1.55 1/2-1/2 Mastrokoukos,G-Rajkovic,
D/Iraklio Schev 1994 (42)}) 13. Ne1 Bxg2 14. Nxg2 O-O 15. Nf4 Nd5 16. Bd2 Ra6
17. Nd3 d6 18. e4 Nf6 19. f3 Nc6 20. Be3 Rb8 21. Nc1 e5 22. d5 Na7 23. Ra2 Nb5
24. Qd2 c6 25. dxc6 Rxc6 26. Ne2 Nc7 $11 {0-1 Danielian,V-Sambuev,B/St
Petersburg 1999/CBM 74 no vc (68)}) (9... O-O 10. O-O Qc8 11. Qc2 a5 12. Rac1
Qb7 13. Bf4 Bxc3 14. Qxc3 a4 $11 {[%csl Rb3][%cal Ga8a1] Shneider,A-Shipov,S/
Groningen op 1992/0-1 (56)}) 10. a3 (10. O-O O-O 11. a3 (11. Qc2 h6 $5 {
Dautov: N} (11... Bxc3 $143 12. Bxc3 Be4 13. Qd2 a4 (13... Nc6 $5) 14. b4 d6
15. Rfc1 Nbd7 16. Ne1 Bxg2 17. Nxg2 Qb8 18. Qd3 Qb7 (18... c6 19. Bd2 Qb5 20.
Ne3 $14 {Georgiev,Kir}) 19. Rab1 Rfc8 20. f3 Rab8 21. e4 $16 {Georgiev,
Kir-Rajkovic,D Jugoslavija 1991}) (11... Qc8 $6 12. Bg5 $1 (12. Rac1 Qb7 13.
Bf4 Bxc3 14. Qxc3 a4 15. Rb1 Be4 16. Ne1 Nc6 17. Bxe4 Nxe4 18. Qe3 Nf6 19. Nf3
Nd5 20. Qd2 axb3 21. axb3 Ra3 $15 {[%csl Rb3] 0-1 Shneider,A-Shipov,S/
Groningen 1992/EXT 97 (56)}) 12... Bxc3 13. Bxf6 Bxa1 14. Ng5 g6 15. Qd2 $16 {
/\Ne4}) 12. Rfc1 Qc8 13. Bf4 Qb7 14. a3 Bxc3 (14... Be7 $5) 15. Qxc3 Nd5 16.
Qd2 Nxf4 17. Qxf4 Na6 18. Rc3 $14) 11... Bxc3 (11... Be7 12. Qc2 Bb7 13. Bf4
Na6 14. e4 d5 15. e5 Nd7 16. Nb5 c5 17. Rfc1 Qb6 18. Bf1 Rac8 19. Qb2 f6 20.
Rc2 cxd4 21. Rxc8 Rxc8 22. Nbxd4 Nac5 23. Rc1 Rf8 $132 {[%cal Gf8f1] 0-1 Mann,
G-Sherzer,A/HUN 1998/EXT 2000 (35)}) 12. Bxc3 Bd5 (12... a4 $6 13. b4 d6 14.
Rc1 Nbd7 15. Bd2 Bd5 16. Bg5 Qb8 17. Bxf6 Nxf6 18. Ne1 c6 19. Nd3 $14 {[%csl
Rc6] Alterman,B-Gofstein,L Israel 1992}) (12... Qc8 $1) 13. Bb2 Qc8 14. Nd2
Bxg2 15. Kxg2 Qb7+ 16. Kg1 d5 17. Rc1 Rc8 18. Rc3 Nc6 19. e3 Ne7 20. Qc2 h6 21.
Rc1 c6 22. f3 Nd7 23. a4 Ra6 24. Ba3 Ng6 25. Qd3 Nf6 26. Kg2 e5 $11 {1/2-1/2
Iljushin,A-Sergeev,V/St Petersburg RUS 2000/The Week in Chess 276 (83)}) 10...
Bxc3 11. Bxc3 Qc8 {[%cal Gc8b7] Black gave away the two bishops but he is
controlling the h1-a8/^ which makes his position very comfortable} 12. O-O O-O
13. Rb1 Be4 (13... Qb7 14. b4 {[%cal Gb1b7]}) 14. Rb2 Nc6 {[%cal Gc6e7,Ye7f5,
Ye7d5]} 15. Qd2 Qa6 16. Rc1 (16. Ne1 Bxg2 17. Nxg2 Rfb8 18. Qc2 Rb6 (18... a4
19. Rfb1 axb3 20. Rxb3 $14 {[%cal Ga3a7]}) 19. e4 d5 20. e5 Nd7 $13) 16... Rfb8
17. Qd1 Nd5 18. e3 Qb7 (18... Nce7 19. Ne1 Bxg2 20. Nxg2 Qd6 {[%csl Ra3]} 21.
Ra2 $11) 19. Bf1 (19. Ne1 Bxg2 20. Nxg2 Na7 $15 {[%cal Ga7b5]}) 19... Nce7 20.
Nd2 {The bishop on e4 is unbearable, white must get the b1-h7 /^ back} Nxc3 21.
Rxc3 Bc6 $11 {[%cal Gc6h1] White has to somehow fight for the /^. The most
natural way to do so is: Bf1-d3.} 22. Qc2 {[%csl Rc7]} h6 23. Rb1 (23. e4 $143
f5 24. Bg2 fxe4 25. Bxe4 Bxe4 26. Nxe4 Nd5 $36 {[%cal Gb8f8]}) 23... Ra7 {
[%cal Gb7a8,Ga7b7]} 24. Rc1 Qa8 25. Rc5 (25. Bd3 $142 Rab7 (25... Nd5 $2 26.
Rc5 Rab7 27. Bh7+ Kh8 28. Be4 $14) 26. Be4 Bxe4 27. Nxe4 Nd5 28. Rd3 Rb5 $15 {
[%cal Ga8b7]}) 25... Rab7 26. Qc3 Nd5 $1 27. Qc2 {A strange situation: The
board is full of pieces, but neither side can improve his position.So after a
few more maneuvers draw is agreed} (27. Qxa5 $4 Ra7 $19) 27... Nf6 28. Bd3 Ra7
29. Qd1 Qb7 30. Qc2 Raa8 31. Qd1 Ra7 32. Qc2 Qb6 33. Qc3 Nd5 34. Qc2 Ne7 35.
Qc3 Nd5 36. Qc2 Ne7 37. Qc3 Kf8 38. Bf1 Raa8 1/2-1/2

[Event "GRE-GER m"]
[Site "Corfu"]
[Date "1999.10.16"]
[Round "5"]
[White "Banikas, Hristos"]
[Black "Huebner, Robert"]
[Result "1/2-1/2"]
[WhiteElo "2507"]
[BlackElo "2599"]
[Annotator "Gershon,A"]
[PlyCount "100"]
[EventDate "1999.10.12"]
[EventType "schev"]
[EventRounds "5"]
[EventCountry "GRE"]
[SourceTitle "CBM 074"]
[Source "ChessBase"]
[SourceDate "2000.02.01"]
[SourceVersion "1"]
[SourceVersionDate "2000.02.01"]
[SourceQuality "1"]

1. d4 Nf6 2. c4 e6 3. Nf3 b6 4. g3 Ba6 5. b3 b5 6. cxb5 Bxb5 7. Nc3 (7. Ba3 $5
{An interesting idea, considering that black will have to play d5 sooner or
later, and not having the dark bishop to cover on the weakened dark squares
will speak in white's favour.} Be7 8. Bg2 a5 (8... O-O 9. O-O d5 10. Qc2 Nbd7
11. Rc1 c6 12. Bxe7 Qxe7 13. Nc3 a5 14. Nxb5 cxb5 15. e3 h6 16. Bf1 b4 17. Bd3
Qd6 18. Qc7 Qxc7 19. Rxc7 Rfb8 20. Rac1 Kf8 21. h3 Ke8 22. Ne5 $16 {1-0
Seirawan,Y-Christiansen,L/ch-USA Gp A, Denver USA 1998 (61)}) 9. Ne5 Ra7 10.
Bxe7 Qxe7 11. Nc3 Ba6 12. O-O O-O 13. Rc1 d6 14. Nc6 Nxc6 15. Bxc6 Rb8 16. Bg2
Rb4 17. Qd2 c5 18. dxc5 dxc5 19. Rfd1 $14 {1/2-1/2 Van Wely,L-Gofshtein,L/
ch-FRA (team), 1999 (28)}) 7... Ba6 8. Bg2 d5 9. O-O (9. b4 c6 (9... Bd6 10.
O-O O-O 11. Rb1 Nbd7 (11... c6 12. Qc2 Qe7 13. a3 Nbd7 14. Re1 Bb7 15. Bf4 Bxf4
16. gxf4 a5 17. e3 Ba6 18. Rb2 Nb6 $15 {1/2-1/2 Dydyshko,V-Siegel,G/Germany
1998/GER-chT (18)}) 12. Qc2 Qe7 13. a3 Bc4 14. Nd2 Ba6 15. Rd1 c6 16. e4 e5 $5
17. Nb3 Rac8 18. Bb2 Rfe8 19. Rbc1 Bc4 20. dxe5 Bxe5 21. Na5 Nb6 22. Ba1 Qf8
23. Re1 Ba6 $13 {1-0 Anand,V-Karpov,A/Frankfurt 1997/CBM 58 ext (49)}) 10. Rb1
Nbd7 11. O-O Bd6 12. Re1 O-O 13. Bf4 Bxf4 14. gxf4 Bc4 15. a3 a5 16. e3 axb4
17. axb4 Qe7 18. b5 cxb5 19. Nxb5 Ne4 20. Nd2 Nxd2 21. Qxd2 Ra2 22. Qd1 Qh4 23.
Qf3 Nf6 $15 {1/2-1/2 Gyimesi,Z-Dautov,R/Germany 1997/GER-chT (28)}) 9... Nbd7
10. Bf4 $6 {I think that putting a bishop on b2 would be a better idea, since
sooner or later black will have to play c5 and open the long diagonal.} (10.
Bb2 Be7 11. Re1 O-O 12. e4 Nxe4 13. Nxe4 dxe4 14. Nd2 Bb7 15. Bxe4 Bxe4 16.
Nxe4 Nb6 17. Rc1 Nd5 18. Nc3 Bb4 19. Nxd5 Bxe1 20. Nxc7 Rc8 21. Ba3 Rxc7 22.
Rxc7 Qxc7 23. Bxf8 Bxf2+ 24. Kxf2 Kxf8 25. Qd3 $11 {1/2-1/2 Roeder,M-Epishin,V/
Groningen 1996/EXT 98 (30)}) (10. Rb1 Bb4 11. Na4 O-O 12. a3 Be7 13. b4 Ne4 14.
Bb2 Nd6 15. Re1 Nc4 16. Nd2 Nxd2 17. Qxd2 Bb5 18. Nc5 Nxc5 19. bxc5 Qd7 20. e4
c6 21. Qc2 Rab8 22. Bc3 Bc4 23. Bf1 Bxf1 24. Rxf1 dxe4 25. Qxe4 Bf6 $15 {
1/2-1/2 Nikolic,P-Anand,V/Monte Carlo 1997/CBM 57 ext (48)}) 10... c5 11. Rc1
Rc8 12. Ne5 (12. dxc5 Bxc5 $15 {[%cal Gc5a3]} 13. Na4 Ba3 14. Rxc8 Qxc8 $15)
12... Nxe5 (12... cxd4 $5 13. Qxd4 {[%cal Gd4a4]} Ba3 14. Nxd7 (14. Rc2 Qb6 $15
) 14... Qxd7 15. Rc2 O-O $11) 13. Bxe5 Nd7 14. Bf4 Be7 15. dxc5 Rxc5 (15...
Bxc5 16. Na4 Ba3 17. Rxc8 Qxc8 18. Qd4 O-O 19. Re1 (19. Qxa7 Bxe2 20. Re1 Bb5
$13) 19... Qb7 20. e4 Qb4 21. Qxb4 Bxb4 22. Rd1 $16) 16. b4 Rc4 17. Qa4 (17. b5
Bb7 18. a4 O-O $11) 17... Qb6 18. a3 Bf6 19. Bxd5 $1 {Exploiting the fact that
black king is yet to castle.} (19. Bd2 Bb7 {[%cal Gb7c6,Ge8g8]}) 19... Rxc3 (
19... exd5 20. Nxd5 Qb5 (20... Qb7 21. Nc7+ Rxc7 22. Rxc7 $18) 21. Nc7+ Rxc7
22. Qxb5 Bxb5 23. Rxc7 $16 {[%cal Gc7c8,Gc7a7]}) 20. Bc6 {Leads to an unclear
endgame.} (20. Rxc3 $5 Bb5 $1 (20... Bxc3 21. Bc6 Bc8 22. Rd1 Qd8 23. Qxa7 $18)
21. Rc8+ Ke7 22. Qxb5 (22. Qc2 $5 Rxc8 23. Qxc8 exd5 24. Bc7 Qc6 25. Rd1 $13 {
[%cal Ge2e4,Gc8d8,Gd8e8] On the one hand I have seen better positioned kings
than the black one in my life, on the other hand white has too few pieces to
exploit it.}) 22... Qxb5 23. Rxh8 (23. Bc4 Qa4 $1 24. Rxh8 g5 $19) 23... Qxd5
$19) 20... Qxc6 $1 (20... Bc8 21. Rxc3 Bxc3 22. Rd1 $18) 21. Qxc6 Rxc6 22. Rxc6
Bxe2 23. Re1 (23. Rc8+ Bd8 24. Bc7 Ke7 $17) 23... Bf3 24. Rc7 (24. Rc8+ Bd8 25.
Bg5 f6 26. Rxe6+ Kf7 27. Rd6 Ke7 28. Bf4 g5 29. Rd3 Bb7 30. Bd6+ Ke6 31. Rc2
Ne5 $17 {White has won a pawn but black pices are now much better coordinated
which secures the advantage.}) 24... a5 (24... a6 $2 25. Ra7 {would leave
white with two passed pawns and an active rook, now black forces white change
two pieces after which it becomes very difficult for white to use his pawns.})
25. Rc8+ (25. bxa5 Bd8 26. Ra7 Nf6 {[%csl Ga8,Gc5][%cal Gf6d5,Ge8g8,Gf3a8]})
25... Bd8 26. Bc7 Ke7 27. Bxa5 Bb7 28. Rxd8 (28. Bxd8+ Rxd8 29. Rc7 Bd5 30. a4
Rb8 $1 31. Rb1 Kd6 $15) 28... Rxd8 29. Bxd8+ Kxd8 30. a4 Kc7 31. f4 Kb6 {
Now, when white pawns are not a big danger anymore, black will push his king
side pawns although the likely outcome is a draw because of the few pieces
left o nthe board.} 32. f5 (32. Kf2 Nf6 {[%csl Gb4][%cal Gf6g4,Gf6d5]} 33. f5
$140 e5 {[%cal Gf6g4]}) 32... e5 33. Rd1 Nf6 34. a5+ Kc6 (34... Kb5 35. Rd8 (
35. Rd6 {[%cal Gd6b6]} Bc6)) 35. Rc1+ Kb5 36. Rc5+ Kxb4 37. Rc7 (37. Rxe5 $2 {
would let black with an absolutely without risk position, white needs to break
blacks pawn structure.} Ba6 $17 {[%cal Ga6c4]}) 37... Ba6 38. Rxf7 e4 39. Rxg7
e3 (39... Kc3 $4 40. Rc7+ Kd2 41. Rc6 e3 42. Rxa6 Ne4 43. Re6 e2 44. Rxe4 $18)
40. Re7 e2 41. Kf2 Kxa5 42. h3 Bc4 43. g4 h6 44. Kf3 Kb4 {the king is too far
from the K side which forces black think about a draw.} 45. h4 Bd3 46. g5 Ne4
47. Rxe4+ Bxe4+ 48. Kxe2 h5 49. g6 Bxf5 50. g7 Be6 (50... Be6 51. Kf3 Kc5 52.
Kf4 Kd6 53. Kg5 Bf7 54. Kf6 Bg8 $11) 1/2-1/2

[Event "Bundesliga 9900"]
[Site "Germany"]
[Date "2000.03.12"]
[Round "12.6"]
[White "Gauglitz, Gernot"]
[Black "Hansen, Sune Berg"]
[Result "1/2-1/2"]
[WhiteElo "2390"]
[BlackElo "2551"]
[Annotator "Gershon,A"]
[PlyCount "71"]
[EventDate "1999.10.09"]
[EventType "team-tourn"]
[EventRounds "15"]
[EventCountry "GER"]
[SourceTitle "CBM 076"]
[Source "ChessBase"]
[SourceDate "2000.05.31"]
[SourceVersion "1"]
[SourceVersionDate "2000.05.31"]
[SourceQuality "1"]
[WhiteTeam "Dresden"]
[BlackTeam "Hamburger SK"]
[WhiteTeamCountry "GER"]
[BlackTeamCountry "GER"]

{[%mdl 32768]} 1. d4 Nf6 2. Nf3 e6 3. c4 b6 4. g3 Ba6 5. b3 Bb7 6. Bg2 Bb4+ 7.
Bd2 a5 8. O-O O-O 9. a3 {The main possibilities here are: Qc2 and Nc3} Be7 (
9... Bxd2 10. Qxd2 d6 (10... Ne4 11. Qe3 d5 12. Nc3 Nxc3 13. Qxc3 Nd7 14. cxd5
Bxd5 15. b4 axb4 16. axb4 c5 17. dxc5 bxc5 18. bxc5 Qc7 19. Rxa8 Rxa8 20. Rc1
Rc8 21. Qb4 Qa7 22. e4 Qb7 23. Qxb7 {1/2-1/2 Zaitsev,I-Pushkov,N/Orel 1994/CBM
42 (23)}) 11. Nc3 Ne4 12. Nxe4 Bxe4 13. Qe3 Bb7 14. Qd3 Nd7 15. Ng5 Qxg5 16.
Bxb7 Rad8 17. Bc6 d5 18. cxd5 Nb8 19. Rfc1 exd5 20. b4 axb4 21. axb4 Rd6 22.
Bb7 c6 23. b5 cxb5 24. Qxb5 $16 {1/2-1/2 Kallai,G-Romanishin,O/Balatonbereny
1995/CBM 50 (30)}) 10. Nc3 (10. Bc3 Ne4 11. Bb2 d5 12. Nbd2 c5 13. cxd5 Bxd5
14. Nxe4 Bxe4 15. dxc5 bxc5 16. Qc1 Qb6 17. Qe3 Qb7 18. Rfc1 Bd5 19. Rab1 Nd7
$15 {0-1 Horvath,J-Lakos,N/Lillafured 1999/CBM 68 ext (42)}) 10... d5 (10...
Na6 11. Qc2 d5 12. cxd5 exd5 13. Bf4 c5 14. Rfd1 Qc8 15. Na4 Qc6 16. Rac1 Ne4
17. Nd2 f5 18. Nxe4 fxe4 19. f3 exf3 20. Bxf3 Qe6 21. dxc5 Nxc5 $40 {0-1
Kummer,H-Polak,T/Austria 1998/EXT 99 (31) >>}) 11. Ne5 (11. cxd5 exd5 12. Ne5 (
12. Qc2 Re8 13. Rfc1 (13. Bf4 Bf8 14. Rfd1 h6 15. Nb5 Na6 16. Ne5 c6 17. Nc3
Nc7 18. Na4 Ne6 19. Be3 Rc8 20. Qb2 {1/2-1/2 Butnorius,A-Kveinys,A/Vilnius LTU
2000 (20)}) 13... Na6 14. Bf4 Qd7 15. Na4 Bd6 16. Bxd6 Qxd6 17. e3 h6 18. Nb2
c5 19. Nh4 Rac8 20. Nc4 Qe6 21. Qf5 cxd4 22. exd4 Qc6 23. Rc2 b5 24. Ne3 Qd6
25. Rxc8 Bxc8 26. Qd3 Nc7 $11 {1-0 Caoili,A-Epishin,V/3rd Open, Malaga ESP
2000 (38)}) 12... Nbd7 13. Nd3 Re8 14. Nf4 Nf8 15. Qc2 c6 16. Rfd1 Rc8 17. Bh3
Rb8 18. Bg2 Rc8 19. Bh3 Rb8 20. Bg2 Ng6 21. Nxg6 hxg6 22. Bf4 Bd6 23. Bxd6 Qxd6
24. e4 dxe4 25. Nxe4 {1/2-1/2 Bykhovsky,A-Lutz,C/Tel Aviv 1999/CBM 71 (25)}) (
11. Qc2 Na6 12. cxd5 exd5 13. Ne5 c5 14. Nb5 Qe8 15. a4 cxd4 16. Nxd4 Ne4 17.
Nef3 Bf6 18. Be3 Rc8 19. Qb2 Qe7 20. Bh3 Rc3 21. Nf5 Qb4 22. Bd4 Nac5 23. Bxc3
Nxc3 24. Qc2 d4 $44 {0-1 Sjoberg,M-Epishin,V/Malmo 1994/CBM 42 (24)}) 11... Na6
(11... c6 12. Qc2 Na6 13. e4 dxc4 14. Nxc4 b5 15. Ne5 Qxd4 16. Bf4 Rfd8 17.
Rfd1 Qb6 18. a4 Nb4 19. Qe2 Ba6 20. axb5 cxb5 21. g4 $17 {0-1 Alfonsi,
J-Chernin,A/Bastia 1998/CBM 67 ext (25)}) 12. Qc2 c5 13. e3 Qc8 14. Na4 (14.
dxc5 $143 Nxc5 (14... dxc4 15. c6 $18) (14... bxc5) 15. cxd5 Nxd5 16. Nxd5 exd5
{[%cal Ge7f6]} 17. Rac1 (17. Qb2 $6 Bf6 18. Bc3 $2 Nd3 $1 $19) (17. Bc3 Ne4 $15
) 17... Bf6 18. Bc3 a4 $11) 14... Qc7 15. Rfc1 Bd6 16. Nf3 (16. cxd5 Bxe5 17.
dxe5 Nxd5 $11) (16. Nd3 dxc4 (16... Ne4 $5) 17. bxc4 (17. Qxc4 Bxg2 18. Kxg2
Qc6+) 17... Bxg2 18. Kxg2 cxd4 19. exd4 Rfd8 $13 {[%csl Rg2]}) 16... Ne4 17.
Be1 Rab8 $2 {in face of his next move it's a loss of two tempis for black} (
17... Rfd8 $142) 18. Qe2 {Each side is trying to place his forces on the best
posts possible before showing one's intentions in the center} Ra8 {black wants
to be able to capture on d5 with the bishop} (18... Rfd8 19. cxd5 exd5 20. dxc5
bxc5 21. Nd4 $16 {[%cal Yd4f5,Yd4b5]}) 19. cxd5 Bxd5 20. dxc5 bxc5 {[%csl Ra5,
Rb3,Rc5] Now the pawn structure is finally set while each player has a
weakness of his own to worry about.However, white pieces look a bit better
placed to me} 21. Nc3 (21. b4 $5 axb4 22. axb4 Rfc8 23. b5 Nb8 24. Nd2 Nxd2 25.
Bxd5 exd5 26. Qxd2 $16) 21... Nxc3 22. Bxc3 Qb7 (22... Bxb3 23. Bxg7 Kxg7 24.
Qb2+ $16) 23. Bxa5 Qxb3 24. e4 Bc6 25. Nd2 Qa4 26. Bc3 {[%cal Ge2g4] Black
pieces are a bit stuck on the Q side so white tranfers the play to the K side}
Rfb8 {[%cal Gd6f8]} 27. Qg4 Bf8 28. Be5 $2 (28. Bf1 $142 $36) 28... Rb7 {
Freeing the b8 square from tranferring the knight to the defence.} 29. Bf1 Nb8
{[%cal Gb8d7]} 30. Rxc5 $4 (30. Nc4 Nd7 $11) 30... f5 31. Qg5 Bxc5 32. Bc4 Na6
$2 (32... fxe4 {It's very important to leave the f5 square unattacked by white
pawn} 33. Bxe6+ Kh8 34. Bf5 Rf7 35. Qh5 Rxf5 36. Qxf5 Nd7 $19) 33. Bxe6+ Kh8
34. Bxf5 Rf7 $2 (34... Rf8 $142 35. Qh5 (35. Qh6 Rxf5 36. exf5 Re7) 35... Rxf5
36. exf5 $17 {[%cal Gf5f6] Black should still be careful but with an acurate
play he will win}) 35. Qh6 Kg8 36. Qxh7+ (36. Qxh7+ Kf8 37. Qh8+ Ke7 38. Qh4+
Kf8 (38... Ke8 39. Bg6 Bxf2+ 40. Kg2 $18) 39. Qh8+ $11) 1/2-1/2

[Event "Japfa Classic"]
[Site "Bali"]
[Date "2000.04.27"]
[Round "5"]
[White "Karpov, Anatoly"]
[Black "Adianto, Utut"]
[Result "1-0"]
[WhiteElo "2696"]
[BlackElo "2584"]
[Annotator "Gershon,A"]
[PlyCount "81"]
[EventDate "2000.04.22"]
[EventType "tourn"]
[EventRounds "9"]
[EventCountry "INA"]
[EventCategory "16"]
[SourceTitle "CBM 077"]
[Source "ChessBase"]
[SourceDate "2000.07.27"]
[SourceVersion "1"]
[SourceVersionDate "2000.07.27"]
[SourceQuality "1"]

1. c4 {Ftacnik} Nf6 2. d4 e6 3. Nf3 b6 4. g3 Ba6 5. b3 Bb4+ 6. Bd2 Be7 7. Bg2
c6 8. Bc3 d5 9. Ne5 Nfd7 10. Nxd7 Nxd7 11. Nd2 O-O 12. O-O Rc8 13. e4 dxc4 14.
bxc4 b5 15. Re1 bxc4 16. Qc2 (16. Qa4 Bb5 17. Qc2 Re8 (17... e5 18. a4 Ba6 19.
dxe5 Nc5 20. Bf1 Nb3 21. Rad1 Nxd2 22. Bxd2 c5 23. Bh3 Qd3 24. Qc1 Rc6 25. Bg5
Bxg5 26. Qxg5 Qc3 27. Qe7 Rcc8 28. Bxc8 Bxc8 29. Qxc5 Bh3 30. Qe3 $18 {1-0
Timoshenko,G-Anastasian,A/Berlin 1996/CBM 54 ext (68)}) 18. a4 (18. Red1 Ba3 (
18... Qc7 19. a4 Ba6 20. Qa2 c5 21. d5 exd5 22. exd5 Ne5 23. Bxe5 Qxe5 24. Nxc4
Bxc4 25. Qxc4 Qd6 26. Rab1 Rb8 27. a5 Bf6 28. a6 Rxb1 29. Rxb1 $15 {0-1 Van
der Sterren,P-Van der Wiel,J/Gouda 1997/EXT 99 (74)}) 19. Nxc4 Bf8 20. Ne3 Nb6
21. a4 Ba6 22. Qa2 Qe7 23. h4 Nd7 24. Nc4 Nb6 25. Ne3 Nd7 26. Rab1 Qa3 27. Qxa3
Bxa3 $11 {1/2-1/2 Van der Sterren,P-Almasi,Z/Germany 1997/GER-chT (51)}) 18...
Ba6 19. Rad1 Bf8 20. Nf1 Qb6 (20... Qc7 21. Ne3 e5 22. Bf1 exd4 23. Bxd4 Bb4
24. Bc3 Bxc3 25. Qxc3 Qe5 $15 {1/2-1/2 Komarov,D-Psakhis,L/Vienna 1996/CBM 53
ext (32)}) 21. Rb1 Qc7 22. f4 Rb8 23. Ne3 Rxb1 $11 {1-0 Kempinski,R-Grosar,A/
Pula 1998/EXT 2000 (48)}) 16... c5 $6 {I don't like the position arising after
this move, therefore, perhaps it was a good idea to wait with clarifications
in the center.} (16... Re8 17. Rad1 Bf8 18. a4 Qc7 19. Bf1 c5 20. d5 exd5 21.
exd5 Ne5 22. Bxe5 Rxe5 23. Rxe5 Qxe5 24. Nxc4 Bxc4 25. Bxc4 $11 {1/2-1/2
Kallai,G-Komarov,D/France 1996/CBM 55 ext (28)}) (16... Qc7 $142 17. Nf1 e5 18.
Ne3 exd4 19. Bxd4 Bc5 20. Bxc5 Nxc5 21. Nxc4 Rfd8 22. Rad1 Rxd1 23. Rxd1 Rd8
24. Rxd8+ Qxd8 $11 {1/2-1/2 Karpov,A-Kasparov,G/London/Leningrad 1986/MainBase
(45)}) 17. d5 exd5 18. exd5 {White is a pawn down, but the pawn is not a
factor in this position. White's pieces are placed very well, and black has to
worry about changing some pieces while white can win back the pawn and get a
big edge} Bf6 19. Rad1 Nb6 (19... Bxc3 $143 20. Qxc3 Nb6 21. Re5 Rc7 22. Nf1
Bb7 23. Ne3 {black has too little space} f6 24. Re4 Rd7 25. Bh3 $16) 20. Bxf6
Qxf6 21. a4 $1 {[%csl Rc4][%cal Ga4a5]} Rfd8 22. Ne4 Qg6 23. d6 Rb8 (23... Nd7
$142 24. Qc3 Rb8 25. Qa5 Bb7 26. Qxa7 $16 {[%cal Ga4a8] the 'a' pawn has a
good potential of becoming unstoppable}) 24. Qc3 Bb7 {'?!' Ftacnik.} (24...
Nxa4 {Ftacnik} 25. Qa3 (25. Qa5 Bb5 26. Qxa7 Nb2 $15) 25... Bb5 26. Nxc5 Nxc5
27. Qxc5 a6 28. Re7 $13) 25. a5 Na4 (25... Nd7 26. Qxc4 $16) 26. Qa3 Nb2 $5 {
Trying to find counterplay in an unclear game but white finds a very beautiful
idea to refute black's plan} (26... Bc6 27. Nxc5 Nxc5 28. Qxc5 $16) 27. Qxb2
Bxe4 28. Qxb8 $1 {[%mdl 1024] white's pawn that will be on 'd7' in a couple of
moves will cost at least a R. Ftacnik: 'Karpov is very strong in technical
positions, this forced queen sacrifice benefits from the might of d passed
pawn.'} Rxb8 29. Rxe4 f5 (29... c3 30. d7 f5 31. d8=Q+ Rxd8 32. Rxd8+ Kf7 33.
Re3 $18) 30. Rxc4 Rd8 31. d7 $18 Qa6 32. Rxc5 Qe2 33. Rcc1 {no rush} Kf7 34.
Bd5+ Kf6 {Now white's plan is simple: place the B on c6 and one of the rooks
on e8. (If white tries to do it from the other side: Be6, black will have the
chance to give up only an exchange.} 35. Re1 Qd3 36. Red1 (36. Be6 $2 Rxd7 37.
Bxd7 Qxd7 $16) 36... Qe2 37. Bc6 {Ftacnik: 'The key move on the road to
victory, white's consolidated forces will ensure expensive prize payed for the
d pawn.'} g6 38. Re1 Qd2 (38... Qa6 39. Rc5 {[%csl Ge8][%cal Ge1e8]} Qd3 40.
Rd5 Qc3 41. Rd6+ Kf7 42. Re8 Qxa5 43. Rxd8 Qxd8 44. Rd1 f4 45. Re1 Qc7 46. gxf4
Qd6 47. Ba4 $18 {[%cal Ge1d1,Ge1e8]}) 39. Rcd1 Qc2 (39... Qxa5 40. Re8 {
is hopeless for black}) 40. Rd6+ Kf7 41. Re8 (41. Re8 Qb1+ 42. Kg2 Qb8 43. Rde6
$18) 1-0